[Event "FRA-chT U20"]
[Site "Mulhouse"]
[Date "2005.12.20"]
[Round "7"]
[White "Lebreton, Flavien"]
[Black "Collin, Camille"]
[Result "0-1"]
[WhiteElo "1937"]
[BlackElo "1310"]
[PlyCount "55"]
[EventDate "2005.12.??"]
[EventType "team"]
[EventRounds "11"]
[EventCountry "FRA"]
[SourceTitle "EXT 2007"]
[Source "ChessBase"]
[SourceDate "2006.11.23"]
[SourceVersion "1"]
[SourceVersionDate "2006.11.23"]
[SourceQuality "1"]
[WhiteTeam "Sautron"]
[BlackTeam "Nancy"]
[WhiteTeamCountry "FRA"]
[BlackTeamCountry "FRA"]

1. d4 Nf6 2. Nf3 g6 3. c4 Bg7 4. Nc3 d5 5. Bf4 dxc4 6. e3 Be6 7. Ne5 0-0 8. Nxc4 Nbd7 9. b4 c6 10. Be2 Bxc4 11. Bxc4 b5 12. Be2 Nb6 13. Bg3 Nbd5 14. Nxd5 Nxd5 15. Qd2 a5 16. bxa5 Qxa5 17. Qxa5 Rxa5 18. 0-0 Nc3 19. Bf3 Rc8 20. Rfc1 Rxa2 21. Rxa2 Nxa2 22. Rxc6 Rxc6 23. Bxc6 b4 24. Bc7 b3 25. Ba5 b2 26. Be4 Nc1 27. Kf1 Nb3 28. Bc3 0-1

[Event "FRA-chT U20 0506"]
[Site "France"]
[Date "2005.11.13"]
[Round "2.4"]
[White "Collin, Camille"]
[Black "Walter, Benjamin"]
[Result "0-1"]
[WhiteElo "1310"]
[BlackElo "1750"]
[PlyCount "104"]
[EventDate "2005.11.12"]
[EventType "team"]
[EventRounds "3"]
[EventCountry "FRA"]
[SourceTitle "CBM 109 Extra"]
[Source "ChessBase"]
[SourceDate "2006.01.03"]
[SourceVersion "2"]
[SourceVersionDate "2006.01.03"]
[SourceQuality "1"]

1. e4 c5 2. d4 cxd4 3. Qxd4 Nc6 4. Qa4 Nf6 5. Nf3 e6 6. e5 Nd5 7. Nc3 Nxc3 8. bxc3 d5 9. Rb1 a6 10. Bf4 Qa5 11. Qxa5 Nxa5 12. Bd3 Bc5 13. 0-0 b5 14. h3 Bb7 15. Rfe1 0-0 16. Be3 Rac8 17. Bf1 Rfd8 18. Bxc5 Rxc5 19. Re3 Rdc8 20. c4 Nxc4 21. Rc3 Nxe5 22. Rxc5 Nxf3+ 23. gxf3 Rxc5 24. Rc1 d4 25. Kg2 Rg5+ 26. Kh2 Bxf3 27. a3 Be4 28. h4 Rc5 29. Rd1 e5 30. Bd3 Bxd3 31. cxd3 Rc3 32. Rd2 Rxa3 33. Kg3 e4 34. Re2 Rxd3+ 35. Kf4 e3 36. fxe3 Rxe3 37. Rd2 Rc3 38. Re2 Kf8 39. Ra2 Rc6 40. Ke4 Rd6 41. Ke5 Ke7 42. Rg2 d3 43. Rd2 b4 44. Ke4 a5 45. Rxd3 Rxd3 46. Kxd3 Kd6 47. Kc4 f5 48. Kb5 b3 49. Kxa5 Kc5 50. Ka4 b2 51. Kb3 b1Q+ 52. Kc3 Qe4 0-1